[Event "Titled Tuesday intern op 14th Nov Early"]
[Site "Chess.com INT"]
[Date "2023.11.14"]
[Round "2"]
[White "Sattarov, Bobir"]
[Black "Pourkashiyan, Atousa"]
[Result "0-1"]
[WhiteElo "2353"]
[BlackElo "2259"]
[PlyCount "66"]
[EventDate "2023.11.14"]
[EventType "swiss (blitz)"]
[EventRounds "11"]
[EventCountry "USA"]
[SourceTitle "CB47_2023"]
[SourceDate "2023.11.22"]
[SourceVersion "1"]
[SourceVersionDate "2023.11.22"]
[SourceQuality "1"]

1. e4 c5 2. f3 Nc6 3. Nh3 Nf6 4. Nf2 d5 5. Bb5 dxe4 6. fxe4 Bd7 7. Nc3 a6 8. Bxc6 Bxc6 9. d3 e5 10. 0-0 Be7 11. Bg5 0-0 12. Kh1 Nxe4 13. Nfxe4 Bxg5 14. Qh5 Bf4 15. Nxc5 Qb6 16. N5a4 Qb4 17. a3 Qd4 18. Rae1 f5 19. b3 b5 20. Ne2 Qd5 21. Rf3 bxa4 22. c4 Qf7 23. Qxf7+ Rxf7 24. Rff1 axb3 25. d4 Bd2 26. Rd1 Ba5 27. d5 Ba4 28. c5 Rb8 29. c6 b2 30. Rb1 Bc2 31. d6 Bd3 32. c7 Bxc7 33. dxc7 Rxc7 0-1

[Event "Titled Tuesday intern op 14th Nov Early"]
[Site "Chess.com INT"]
[Date "2023.11.14"]
[Round "10"]
[White "Sattarov, Bobir"]
[Black "Tikhonov, Viacheslav"]
[Result "1-0"]
[WhiteElo "2353"]
[BlackElo "2160"]
[PlyCount "95"]
[EventDate "2023.11.14"]
[EventType "swiss (blitz)"]
[EventRounds "11"]
[EventCountry "USA"]
[SourceTitle "CB47_2023"]
[SourceDate "2023.11.22"]
[SourceVersion "1"]
[SourceVersionDate "2023.11.22"]
[SourceQuality "1"]

1. e4 c5 2. Nc3 g6 3. Nge2 Bg7 4. d4 cxd4 5. Nxd4 Nc6 6. Be3 Nf6 7. Nxc6 bxc6 8. e5 Nd5 9. Nxd5 cxd5 10. Qxd5 Rb8 11. 0-0-0 Bb7 12. Qc5 0-0 13. Bd4 Bc6 14. f4 Re8 15. Rd2 Qc8 16. Bc4 Qb7 17. Rg1 a6 18. Bb3 Rbc8 19. Qb6 Qa8 20. g3 a5 21. a4 Bd5 22. Bxd5 Qxd5 23. Kb1 d6 24. Bc3 Qc4 25. Qb3 dxe5 26. fxe5 Qc5 27. Rf1 e6 28. Bd4 Qc7 29. Qe3 Rb8 30. b3 Qc6 31. Bb2 Red8 32. Qf2 Qc7 33. Rd6 Rxd6 34. exd6 Qd7 35. Bxg7 Kxg7 36. Qf6+ Kg8 37. Rd1 Qxa4 38. d7 Rxb3+ 39. cxb3 Qxb3+ 40. Kc1 Qe3+ 41. Rd2 Qa3+ 42. Kd1 Qb3+ 43. Ke2 Qc4+ 44. Kf2 Qc5+ 45. Qd4 Qa3 46. d8Q+ Qf8 47. Qh8+ Kxh8 48. Qxf8# 1-0